00501nam a2200145Ia 4500008004100000041000800041082001900049100002100068245004500089260003300134300003200167365001100199999001500210952013000225240624s9999 xx 000 0 und d aeng a338.954049 EAP aEAPEN LEENA MARY aECONOMIC GROWTH IN INDIA AND CHINA A COM c2006aHyderabadbICFAI press aviii, : 286 : p. : cm. ; 23 cRSb50 c6452d6452 00104070aIMTNbIMTNcRack 14-Ad2007-10-03eICFAIg475.00n2o338.954049 EAPp6452r2024-06-24 00:00:00t1w2024-06-24yBK